|
|
|
|
| LEADER |
01442nam a2200445 4500 |
| 001 |
ocn880929943 |
| 003 |
OCoLC |
| 005 |
20170124071504.4 |
| 006 |
m o d |
| 007 |
cr ||||||||||| |
| 008 |
141117s2014 nju ob 000 0 eng d |
| 040 |
|
|
|a UKMGB
|b eng
|c UKMGB
|d OCLCO
|d DG1
|d OCLCF
|d OCLCQ
|d GrThAP
|
| 015 |
|
|
|a GBB4D8289
|2 bnb
|
| 016 |
7 |
|
|a 016965773
|2 Uk
|
| 020 |
|
|
|a 9781118986356
|q (electronic bk.)
|
| 020 |
|
|
|a 1118986350
|q (electronic bk.)
|
| 020 |
|
|
|a 9781118986370
|q (electronic bk.)
|
| 020 |
|
|
|a 1118986377
|q (electronic bk.)
|
| 029 |
1 |
|
|a CHBIS
|b 010442384
|
| 029 |
1 |
|
|a CHVBK
|b 334092272
|
| 029 |
1 |
|
|a NZ1
|b 15921896
|
| 035 |
|
|
|a (OCoLC)880929943
|
| 050 |
|
4 |
|a TP691
|
| 082 |
0 |
4 |
|a 665.538
|2 23
|
| 049 |
|
|
|a MAIN
|
| 100 |
1 |
|
|a Speight, James G.,
|e author.
|
| 245 |
1 |
0 |
|a Handbook of petroleum product analysis /
|c James G. Speight.
|
| 250 |
|
|
|a Second edition.
|
| 264 |
|
1 |
|a Hoboken :
|b John Wiley & Sons,
|c 2014.
|
| 300 |
|
|
|a 1 online resource
|
| 336 |
|
|
|a text
|b txt
|2 rdacontent
|
| 337 |
|
|
|a computer
|b c
|2 rdamedia
|
| 338 |
|
|
|a online resource
|b cr
|2 rdacarrier
|
| 504 |
|
|
|a Includes bibliographical references.
|
| 588 |
0 |
|
|a CIP data; resource not viewed.
|
| 650 |
|
0 |
|a Petroleum products
|x Analysis.
|
| 650 |
|
7 |
|a Petroleum products
|x Analysis.
|2 fast
|0 (OCoLC)fst01059732
|
| 655 |
|
4 |
|a Electronic books.
|
| 856 |
4 |
0 |
|u https://doi.org/10.1002/9781118986370
|z Full Text via HEAL-Link
|
| 994 |
|
|
|a 92
|b DG1
|